000 00283nam a2200109Ia 4500
008 171211s9999 xx 000 0 und d
245 _a50 Games for Going Green
245 _cCarol Scaini
260 _c2012
650 _xGAMES
856 _uhttp://down.ebook777.com/052/1450419909.pdf
999 _c348957
_d348957